<?xml version="1.0" encoding="UTF-8"?>
<record
    xmlns:xsi="http://www.w3.org/2001/XMLSchema-instance"
    xsi:schemaLocation="http://www.loc.gov/MARC21/slim http://www.loc.gov/standards/marcxml/schema/MARC21slim.xsd"
    xmlns="http://www.loc.gov/MARC21/slim">

  <leader>01566nam a22002417a 4500</leader>
  <controlfield tag="005">20241213141613.0</controlfield>
  <controlfield tag="008">180425b        xxu||||| |||| 00| 0 spa d</controlfield>
  <datafield tag="020" ind1=" " ind2=" ">
    <subfield code="a">9788494413933</subfield>
  </datafield>
  <datafield tag="041" ind1=" " ind2=" ">
    <subfield code="a">ESP</subfield>
  </datafield>
  <datafield tag="082" ind1=" " ind2=" ">
    <subfield code="a">863.992.2 G216c</subfield>
  </datafield>
  <datafield tag="100" ind1=" " ind2=" ">
    <subfield code="a">Garc&#xED;a Curado, Anselmo </subfield>
    <subfield code="9">46934</subfield>
  </datafield>
  <datafield tag="100" ind1=" " ind2=" ">
    <subfield code="a">Velasco, Erick</subfield>
    <subfield code="9">46935</subfield>
  </datafield>
  <datafield tag="100" ind1=" " ind2=" ">
    <subfield code="a">Maiorano, Gabriel</subfield>
    <subfield code="9">46936</subfield>
  </datafield>
  <datafield tag="245" ind1=" " ind2=" ">
    <subfield code="a">Cuentos y leyendas de Centroam&#xE9;rica</subfield>
  </datafield>
  <datafield tag="260" ind1=" " ind2=" ">
    <subfield code="a">Costa Rica</subfield>
  </datafield>
  <datafield tag="260" ind1=" " ind2=" ">
    <subfield code="b">Edisa</subfield>
  </datafield>
  <datafield tag="260" ind1=" " ind2=" ">
    <subfield code="c">2017</subfield>
  </datafield>
  <datafield tag="300" ind1=" " ind2=" ">
    <subfield code="a">199 p&#xE1;ginas</subfield>
  </datafield>
  <datafield tag="505" ind1=" " ind2=" ">
    <subfield code="a">Contiene los siguientes cuentos y leyendas: Quetzalc&#xF3;atl, Popocat&#xE9;petl, El enano de Uxmal, La casa de los azulejos, El Cristo de madera de la monjita Severa, La Creaci&#xF3;n del Sol y de la Luna, Popol Vuh, La Leyenda del Chocolate, Los Zipes, El Pargo Negro, El &#xC1;rbol Viejo, Bueno es culantro pero no tanto, El Cristo de Esquipulas, La corriente del r&#xED;o Tribique, La Carreta Nagua, La Carreta Chillona, Arrechavala, El Padre sin cabeza, Las Campanas de la Catedral, El Charcur&#xE1;n, La tulivieja, La Tule vieja, La Mocuana, La Llorona, La Cegua, La Ciguanaba, Los Cadejos, El Cadejo, El Cipitio, La Leyenda del Quetzal, El Castellano de la Torre de Portobelo, Hoy no, ma&#xF1;ana s&#xED;, La Leyenda de Santa Librada, Lorenzo y Jos&#xE9; dos hermanos como Ca&#xED;n y Abel, Las mozas de Penonom&#xE9;, La india de piedra, El llanto del Corot&#xFA;, Tabarar&#xE9;, La india Zarat&#xED;, La sirenita del Risacua, La Leyenda de El Dorado, El Sombrer&#xF3;n, La misi&#xF3;n del colibr&#xED;.</subfield>
  </datafield>
  <datafield tag="650" ind1=" " ind2=" ">
    <subfield code="a">CUENTOS CENTROAMERICANOS </subfield>
  </datafield>
  <datafield tag="650" ind1=" " ind2=" ">
    <subfield code="a">LEYENDAS CENTROAMERICANAS</subfield>
  </datafield>
  <datafield tag="942" ind1=" " ind2=" ">
    <subfield code="c">BK</subfield>
    <subfield code="2">ddc</subfield>
  </datafield>
  <datafield tag="999" ind1=" " ind2=" ">
    <subfield code="c">10600</subfield>
    <subfield code="d">10600</subfield>
  </datafield>
  <datafield tag="952" ind1=" " ind2=" ">
    <subfield code="o">863.992.2 G216c</subfield>
    <subfield code="p">23187</subfield>
    <subfield code="y">BK</subfield>
  </datafield>
  <datafield tag="952" ind1=" " ind2=" ">
    <subfield code="o">863.992.2 G216c</subfield>
    <subfield code="p">23188</subfield>
    <subfield code="y">BK</subfield>
  </datafield>
  <datafield tag="952" ind1=" " ind2=" ">
    <subfield code="o">863.992.2 G216c</subfield>
    <subfield code="p">23189</subfield>
    <subfield code="y">BK</subfield>
  </datafield>
</record>
